00000000nam 2200000zi 4500
0019.953073
003CaOODSP
00520250821134248
006m     o  d f      
007cr |n|||||||||
008250710e199607##abc     ob   f|0| 0 eng d
040 |aCaOODSP|beng|erda|cCaOODSP
043 |an-cn---
0861 |aDR52-2/18-1996E-PDF
1001 |aLuoma, Greg, |eauthor.
24510|aDetection and Identification Section publication record 1995/96 / |cby Greg Luoma.
264 1|aMedicine Hat, Alberta : |bDefence Research Establishment Suffield, |cJuly 1996.
300 |a1 online resource (i, 31, [2] pages).
336 |atext|btxt|2rdacontent
337 |acomputer|bc|2rdamedia
338 |aonline resource|bcr|2rdacarrier
4901 |aSuffield special publication ; |vNo. 183
500 |aDigitized edition from print [produced by Defence Research and Development Canada].
500 |a"Unclassified."
504 |aIncludes bibliographical references (pages 28-31).
5203 |a"This document represents a collation of the publications of the Detection and Identification Section at the Defence Research Establishment Suffield for the calendar year of 1995 and January to May 1996. [...] The intent of this publication is to provide a brief review of the achievements of the Detection and Identification Section at DRES over 18 months in a format that is meant for both technical and non-technical audiences" -- Abstract, page i.
650 0|aBiological weapons|xResearch.
650 0|aChemical weapons|xResearch.
650 6|aArmes biologiques|xRecherche.
650 6|aArmes chimiques|xRecherche.
7102 |aDefence Research Establishment Suffield, |eissuing body.
830#0|aSuffield special publication ;|vNo. 183.|w(CaOODSP)9.926017
85640|qPDF|s1.75 MB|uhttps://publications.gc.ca/collections/collection_2025/rddc-drdc/DR52-2-18-1996-eng.pdf
986 |aDRES-SSP-183